[Event "Knighthood Blitz"]
[Site "Vishy Anand Arena"]
[Date "2020.08.01"]
[Round "4"]
[White "vaibhavgautam"]
[Black "Renier Gonsalves"]
[Result "1-0"]
[WhiteElo "1628"]
[BlackElo "1327"]
[Annotator "NA"]
[PlyCount "113"]
[EventDate "2020.08.01"]
[EventType "swiss (blitz)"]

1. d4 d5 2. Bf4 Bf5 3. e3 Nc6 4. c4 e6 5. a3 Bd6 6. Bxd6 Qxd6 7. Nc3 Nf6 8. Nf3 Bg6 9. cxd5 exd5 10. Bd3 O-O 11. Bxg6 fxg6 12. O-O a6 13. Qc2 Rae8 14. Qb3 b6 15. Rad1 Na5 16. Qc2 Nc6 17. Rfe1 Ne4 18. Nxe4 dxe4 19. Nd2 Qd5 20. Rc1 Re6 21. Qc4 Qxc4 22. Nxc4 Ref6 23. Rf1 Ne7 24. Ne5 Rd6 25. Rxc7 Nd5 26. Rc2 Re8 27. Rfc1 Rde6 28. Rc8 Kf8 29. Rxe8+ Kxe8 30. g3 Nf6 31. Rc6 Rxc6 32. Nxc6 Kd7 33. Ne5+ Kd6 34. Kf1 Nd5 35. Ke2 b5 36. Kd2 b4 37. axb4 Nxb4 38. Kc3 Nd5+ 39. Kc4 Ke6 40. Nc6 Nf6 41. Ne5 Kf5 42. Nd7 Kg4 43. Nxf6+ gxf6 44. Kd5 Kh3 45. Kxe4 Kxh2 46. d5 Kg2 47. d6 Kg1 48. d7 Kf1 49. d8=Q Kxf2 50. Qxf6+ Kxg3 51. Qf4+ Kh3 52. Qf6 Kh2 53. Qg7 a5 54. Qxh7+ Kg2 55. Qxg6+ Kf2 56. Qf5+ Ke2 57. Qxa5 1-0

[Event "Knighthood Blitz"]
[Site "Vishy Anand Arena"]
[Date "2020.08.01"]
[Round "4"]
[White "Leorider5143"]
[Black "Mohit chandwani"]
[Result "0-1"]
[WhiteElo "1627"]
[BlackElo "1558"]
[Annotator "NA"]
[PlyCount "66"]
[EventDate "2020.08.01"]
[EventType "swiss (blitz)"]

1. e4 e5 2. Nf3 Nc6 3. Bc4 h6 4. c3 d6 5. h3 a6 6. d4 Na5 7. Bb3 Nxb3 8. Qxb3 exd4 9. cxd4 Qe7 10. Nc3 Be6 11. Qxb7 Qd8 12. d5 Bd7 13. O-O Be7 14. Nd4 a5 15. Nc6 Qc8 16. Qb5 Qa6 17. Qxa6 Rxa6 18. Nxe7 Nxe7 19. Re1 c5 20. b3 O-O 21. Bd2 a4 22. bxa4 Bxa4 23. Nxa4 Rxa4 24. f3 Ng6 25. Kh2 Ne5 26. Bf4 Re8 27. Reb1 Ra6 28. Rb7 Nd3 29. Bg3 c4 30. Rc7 Ra4 31. Bxd6 Kh7 32. Rxf7 Raa8 33. Rc7 Rac8 0-1

[Event "Knighthood Blitz"]
[Site "Vishy Anand Arena"]
[Date "2020.08.01"]
[Round "4"]
[White "Beradia"]
[Black "Ishwar Lal Patel"]
[Result "0-1"]
[WhiteElo "1625"]
[BlackElo "1613"]
[Annotator "NA"]
[PlyCount "76"]
[EventDate "2020.08.01"]
[EventType "swiss (blitz)"]

1. e4 g6 2. Nf3 Bg7 3. d4 c6 4. Bc4 d5 5. exd5 cxd5 6. Bb5+ Nc6 7. Nc3 a6 8. Bd3 Bg4 9. h3 Bxf3 10. Qxf3 Nf6 11. Bg5 Nxd4 12. Qf4 Ne6 13. Qa4+ b5 14. Qa3 Nxg5 15. O-O O-O 16. f4 Ne6 17. f5 Nc7 18. fxg6 hxg6 19. Rf3 e5 20. Be2 e4 21. Rg3 Rb8 22. Qc5 d4 23. Nd1 Ne6 24. Qb4 a5 25. Qe1 Qc7 26. c3 d3 27. Bg4 Nxg4 28. Rxg4 Qc5+ 29. Kh1 Ng5 30. Qxe4 Nxe4 31. Rxe4 Rfe8 32. Re7 Rxe7 33. Nf2 Qxf2 34. Rf1 Qxf1+ 35. Kh2 Be5+ 36. g3 Qf2+ 37. Kh1 Bxg3 38. h4 Re1# 0-1

[Event "Knighthood Blitz"]
[Site "Vishy Anand Arena"]
[Date "2020.08.01"]
[Round "4"]
[White "duvvaabbulu"]
[Black "Pranav104"]
[Result "1-0"]
[WhiteElo "1612"]
[BlackElo "1108"]
[Annotator "NA"]
[PlyCount "71"]
[EventDate "2020.08.01"]
[EventType "swiss (blitz)"]

1. e4 e5 2. Nf3 Nc6 3. d4 exd4 4. Bc4 Bc5 5. Ng5 Nh6 6. Nxf7 Nxf7 7. Bxf7+ Kxf7 8. Qh5+ g6 9. Qxc5 Ke8 10. O-O b6 11. Qd5 Bb7 12. Bg5 Qc8 13. Re1 Nb4 14. Qe5+ Kf7 15. Qe7+ Kg8 16. Qxb4 c5 17. Qc4+ Kg7 18. c3 dxc3 19. Qxc3+ Kg8 20. Bf6 Qf8 21. Bxh8 Kf7 22. Be5 Re8 23. Bg3 Bxe4 24. Nd2 Bf5 25. Nf3 Rxe1+ 26. Rxe1 Kg8 27. h3 Be6 28. Ng5 Bf7 29. Nxf7 Qxf7 30. Qe5 Qf8 31. Qd5+ Kh8 32. Be5+ Qg7 33. Bxg7+ Kxg7 34. Re7+ Kh6 35. Qd2+ Kh5 36. Rxh7# 1-0

[Event "Knighthood Blitz"]
[Site "Vishy Anand Arena"]
[Date "2020.08.01"]
[Round "4"]
[White "HarshPandit"]
[Black "Shadow_master"]
[Result "0-1"]
[WhiteElo "1608"]
[BlackElo "2098"]
[PlyCount "56"]
[EventDate "2020.08.01"]
[EventType "swiss (blitz)"]

1. d4 Nf6 2. c4 g6 3. Nc3 Bg7 4. e3 d6 5. Bd3 O-O 6. Nge2 e5 7. O-O Re8 8. Ng3 h6 9. d5 a5 10. f4 exf4 11. exf4 Ng4 12. f5 Qh4 13. h3 Bd4+ 14. Kh1 Qxg3 15. Qxg4 Qxd3 16. Bxh6 Bxf5 17. Qh4 Be5 18. Rad1 Qg3 19. Qxg3 Bxg3 20. Nb5 Na6 21. Rf3 Be5 22. Rdf1 Bxb2 23. g4 Be4 24. Kg2 Bxf3+ 25. Rxf3 Nc5 26. Kg3 Ne4+ 27. Kg2 Re7 28. Rf2 Nxf2 0-1

[Event "Knighthood Blitz"]
[Site "Vishy Anand Arena"]
[Date "2020.08.01"]
[Round "4"]
[White "SubashRaj"]
[Black "Bennyjoseph"]
[Result "0-1"]
[WhiteElo "1605"]
[BlackElo "1674"]
[Annotator "NA"]
[PlyCount "124"]
[EventDate "2020.08.01"]
[EventType "swiss (blitz)"]

1. c4 e5 2. g3 Nf6 3. Bg2 c5 4. Nc3 Be7 5. Nf3 O-O 6. d3 d6 7. a3 Nc6 8. O-O Nd4 9. Nd2 Bg4 10. f3 Be6 11. e3 Nf5 12. Nde4 d5 13. Nxf6+ Bxf6 14. cxd5 Bxd5 15. e4 Nxg3 16. hxg3 Bc6 17. Be3 b6 18. Qd2 Qe7 19. f4 exf4 20. Bxf4 Bd4+ 21. Be3 Rad8 22. Bxd4 Rxd4 23. Ne2 Rd6 24. e5 Re6 25. Nf4 Rh6 26. Bxc6 Rxc6 27. d4 cxd4 28. Qxd4 Qg5 29. Qf2 Rfc8 30. Nh3 Qg6 31. Rae1 Rc2 32. Re2 Rxe2 33. Qxe2 Qxg3+ 34. Qg2 Qe3+ 35. Kh1 Qxe5 36. Rg1 g6 37. Qg5 Qe4+ 38. Qg2 Qh4 39. Qg4 Qf6 40. Qg2 Qf5 41. Qg5 Qc2 42. Qg2 Qf5 43. Ng5 f6 44. Nf3 Qh5+ 45. Nh2 Rc5 46. Qg4 Qxg4 47. Nxg4 Rc1 48. Nxf6+ Kg7 49. Rxc1 Kxf6 50. Rc7 Kf5 51. Rxa7 Ke4 52. Rxh7 Kd3 53. Rd7+ Kc2 54. Rc7+ Kxb2 55. Rd7 Kxa3 56. Rd2 Kb4 57. Rd5 Kc4 58. Rg5 b5 59. Rxg6 b4 60. Rg8 Kc3 61. Rb8 b3 62. Rb6 Kc2 0-1

[Event "Knighthood Blitz"]
[Site "Vishy Anand Arena"]
[Date "2020.08.01"]
[Round "4"]
[White "Arya321_dm"]
[Black "Shiv01"]
[Result "1-0"]
[WhiteElo "1599"]
[BlackElo "2062"]
[Annotator "NA"]
[PlyCount "45"]
[EventDate "2020.08.01"]
[EventType "swiss (blitz)"]

1. d4 Nf6 2. c4 e6 3. Nf3 Bb4+ 4. Nc3 c5 5. g3 Nc6 6. Bg2 Ne4 7. Qd3 Bxc3+ 8. bxc3 Qa5 9. d5 Ne7 10. Nd2 Qxc3 11. Qxc3 Nxc3 12. Bb2 Na4 13. Bxg7 Rg8 14. Be5 Nf5 15. dxe6 dxe6 16. Ne4 Nd4 17. Nf6+ Kf8 18. Nxg8 Kxg8 19. Rd1 Nc3 20. Rd2 Nb1 21. Rd3 Nc2+ 22. Kd1 Nba3 23. Rd8# 1-0

[Event "Knighthood Blitz"]
[Site "Vishy Anand Arena"]
[Date "2020.08.01"]
[Round "4"]
[White "Architsaigal"]
[Black "Vishvajeet Singh"]
[Result "0-1"]
[WhiteElo "1593"]
[BlackElo "1711"]
[Annotator "NA"]
[PlyCount "86"]
[EventDate "2020.08.01"]
[EventType "swiss (blitz)"]

1. e4 c5 2. Nf3 e6 3. c3 d5 4. exd5 Qxd5 5. d4 Nc6 6. Be2 cxd4 7. cxd4 Nf6 8. Nc3 Bb4 9. O-O Qd8 10. a3 Bxc3 11. bxc3 O-O 12. Bg5 h6 13. Bh4 a6 14. Re1 b5 15. Rb1 Bd7 16. Ne5 g5 17. Bg3 Ne4 18. Qd3 Nxg3 19. Qxg3 Nxe5 20. Qxe5 f6 21. Qe4 f5 22. Qf3 Rc8 23. Qh5 Qf6 24. Rbc1 Be8 25. Qf3 Bc6 26. Qd3 Be4 27. Qe3 Bd5 28. Bf3 f4 29. Qe5 Bxf3 30. gxf3 Rc6 31. Qe4 Rfc8 32. Qd3 Qf5 33. Qd2 Kf7 34. d5 Qxd5 35. Qe2 Rxc3 36. Rcd1 Qb7 37. Kg2 g4 38. Kg1 Qxf3 39. Qe4 Qxe4 40. Rxe4 Rc1 41. Rxf4+ Kg6 42. Rxc1 Rxc1+ 43. Kg2 Kg5 0-1

[Event "Knighthood Blitz"]
[Site "Vishy Anand Arena"]
[Date "2020.08.01"]
[Round "4"]
[White "Karthikmurux"]
[Black "Altomisayoc"]
[Result "1-0"]
[WhiteElo "1593"]
[BlackElo "2240"]
[PlyCount "71"]
[EventDate "2020.08.01"]
[EventType "swiss (blitz)"]

1. Nf3 Nf6 2. g3 c5 3. d4 cxd4 4. Nxd4 g6 5. c4 Bg7 6. Bg2 O-O 7. O-O Nc6 8. Nxc6 bxc6 9. Nc3 Rb8 10. Rb1 Qc7 11. Bd2 d6 12. b4 Be6 13. c5 Bc4 14. Qa4 d5 15. Be3 Ng4 16. Bd2 d4 17. Ne4 Bxe2 18. Rfe1 Bd3 19. Rbc1 h6 20. h3 Ne5 21. Qb3 Ba6 22. a3 Kh7 23. Bf1 f5 24. f3 fxe4 25. Rxe4 Bxf1 26. Rxf1 Rf5 27. g4 Rbf8 28. gxf5 Rxf5 29. f4 Nf7 30. Qg3 e5 31. Kh2 Ng5 32. Qxg5 hxg5 33. fxg5 Rxf1 34. Be1 Rf5 35. Rxe5 Kg8 36. Bg3 1-0

[Event "Knighthood Blitz"]
[Site "Vishy Anand Arena"]
[Date "2020.08.01"]
[Round "4"]
[White "Monideepbanerjee"]
[Black "Raunak_Bhatnagar"]
[Result "1-0"]
[WhiteElo "1557"]
[BlackElo "1277"]
[Annotator "NA"]
[PlyCount "59"]
[EventDate "2020.08.01"]
[EventType "swiss (blitz)"]

1. e4 c5 2. d4 cxd4 3. Qxd4 Nc6 4. Qd1 Nf6 5. Bd3 e5 6. Nf3 d5 7. exd5 Nxd5 8. O-O Nf6 9. Re1 Bd6 10. Nc3 O-O 11. Ne4 Bg4 12. h3 Bc8 13. Nxd6 Qxd6 14. Bb5 Re8 15. Qxd6 Rd8 16. Qa3 Bf5 17. Bxc6 bxc6 18. Nxe5 Re8 19. Bd2 Bxc2 20. Nxc6 Rxe1+ 21. Rxe1 h5 22. Bc3 Nd5 23. Ne7+ Kh7 24. Nxd5 f6 25. Re7 Rd8 26. Nxf6+ Kh6 27. Nd7 g5 28. Qa6+ Bg6 29. Rg7 Rxd7 30. Qxg6# 1-0

[Event "Knighthood Blitz"]
[Site "Vishy Anand Arena"]
[Date "2020.08.01"]
[Round "4"]
[White "Ishan2559"]
[Black "Arunava"]
[Result "1-0"]
[WhiteElo "1553"]
[BlackElo "1782"]
[Annotator "NA"]
[PlyCount "109"]
[EventDate "2020.08.01"]
[EventType "swiss (blitz)"]

1. e4 c5 2. Nf3 e6 3. d4 cxd4 4. Nxd4 a6 5. Nc3 Qc7 6. Be2 Nf6 7. O-O d6 8. Be3 b5 9. a3 Bb7 10. f3 Nbd7 11. Qd2 Be7 12. Rac1 h5 13. h3 h4 14. Bd3 Nc5 15. Nb3 Nh5 16. Bg5 Bxg5 17. Qxg5 Qe7 18. Qxe7+ Kxe7 19. Nd4 Nf4 20. Rfd1 Rac8 21. Bf1 Rh6 22. Kf2 Rg6 23. Nce2 Nh5 24. b4 Na4 25. Nb3 Nc3 26. Nxc3 Rxc3 27. Na5 Ba8 28. Rd3 Rc7 29. c4 Nf4 30. Rdc3 bxc4 31. Rxc4 Rxc4 32. Rxc4 Kd7 33. Rc1 d5 34. exd5 Bxd5 35. Rd1 Kc7 36. Rc1+ Kb6 37. Rc5 Rg5 38. Rc8 Re5 39. Rb8+ Kc7 40. Rf8 Rf5 41. Rg8 g5 42. Rg7 Nxh3+ 43. gxh3 Rxf3+ 44. Ke1 Kb6 45. Rxg5 Rxa3 46. Be2 Ra4 47. Nc4+ Bxc4 48. Bxc4 Rxb4 49. Be2 Rb3 50. Kf2 a5 51. Rg4 Rb4 52. Rg5 a4 53. Rg8 a3 54. Ra8 Rb3 55. Ra4 1-0

[Event "Knighthood Blitz"]
[Site "Vishy Anand Arena"]
[Date "2020.08.01"]
[Round "4"]
[White "Gowthamchess1356"]
[Black "kingofall"]
[Result "1-0"]
[WhiteElo "1535"]
[BlackElo "1935"]
[Annotator "NA"]
[PlyCount "75"]
[EventDate "2020.08.01"]
[EventType "swiss (blitz)"]

1. d4 d5 2. c4 dxc4 3. a4 Nf6 4. Nc3 c5 5. e3 cxd4 6. exd4 e6 7. Bxc4 Bb4 8. Be3 O-O 9. Nge2 Nbd7 10. O-O Nb6 11. Bb3 Nbd5 12. Bg5 Be7 13. Nxd5 Nxd5 14. Bxe7 Nxe7 15. Rc1 b6 16. Nc3 Bb7 17. f3 Rc8 18. Nb5 a6 19. Rxc8 Qxc8 20. Nd6 Qc7 21. Nxb7 Qxb7 22. Qd3 Rd8 23. Rd1 a5 24. Bc4 Qd7 25. Bb5 Qd6 26. Qe4 e5 27. Re1 Qb4 28. Qxe5 Ng6 29. Qe4 Rxd4 30. Qa8+ Nf8 31. Qe8 Rd8 32. Qe2 Rd2 33. Qe8 Rxb2 34. h3 Qc5+ 35. Kh2 Qd6+ 36. Kg1 Qg3 37. Qxf8+ Kxf8 38. Re8# 1-0

[Event "Knighthood Blitz"]
[Site "Vishy Anand Arena"]
[Date "2020.08.01"]
[Round "4"]
[White "Sohammdh"]
[Black "Adityabikram"]
[Result "0-1"]
[WhiteElo "1535"]
[BlackElo "1952"]
[PlyCount "130"]
[EventDate "2020.08.01"]
[EventType "swiss (blitz)"]

1. e4 c5 2. Nf3 Nc6 3. Bb5 g6 4. O-O Bg7 5. c3 e5 6. d3 Nge7 7. Be3 d6 8. d4 exd4 9. cxd4 O-O 10. dxc5 Bxb2 11. Nbd2 Bxa1 12. Qxa1 dxc5 13. Bc4 Be6 14. Bxe6 fxe6 15. Bh6 Rf7 16. Ng5 Nd4 17. Nxf7 Kxf7 18. Nf3 Nxf3+ 19. gxf3 Qd4 20. Qxd4 cxd4 21. Rd1 Nc6 22. Kf1 a5 23. Ke2 a4 24. Kd3 Ra5 25. Rb1 b5 26. Bd2 b4 27. Bxb4 Rb5 28. Kc4 Rxb4+ 29. Rxb4 Nxb4 30. Kxb4 e5 31. Kxa4 Ke6 32. Kb3 Kd6 33. Kc4 g5 34. h3 Kc6 35. a4 Kb6 36. Kb4 Ka6 37. Kc4 Ka5 38. Kb3 Ka6 39. Kc4 Kb6 40. Kd3 Ka5 41. Kc4 Kxa4 42. Kd3 Kb3 43. f4 gxf4 44. f3 h6 45. h4 h5 46. Kd2 Kc4 47. Kc2 d3+ 48. Kd2 Kd4 49. Kd1 Ke3 50. Ke1 Kxf3 51. Kd2 Kxe4 52. Ke1 Kd4 53. Kd2 f3 54. Ke1 Ke3 55. Kd1 f2 56. Kc1 f1=Q+ 57. Kb2 d2 58. Kc3 d1=Q 59. Kb4 Qb1+ 60. Kc5 Qfb5+ 61. Kd6 Q1d3+ 62. Ke7 Qb7+ 63. Kf6 Qd6+ 64. Kg5 Qg7+ 65. Kxh5 Qdh6# 0-1

[Event "Knighthood Blitz"]
[Site "Vishy Anand Arena"]
[Date "2020.08.01"]
[Round "4"]
[White "Indrajeet4ever"]
[Black "Lazylemon123"]
[Result "0-1"]
[WhiteElo "1514"]
[BlackElo "1691"]
[Annotator "NA"]
[PlyCount "94"]
[EventDate "2020.08.01"]
[EventType "swiss (blitz)"]

1. d4 d5 2. Bf4 Nc6 3. e3 Bf5 4. c4 dxc4 5. Bxc4 Nb4 6. Qa4+ Nc6 7. d5 a6 8. dxc6 b5 9. Bxb5 axb5 10. Qxb5 e6 11. Nc3 Rb8 12. Qa5 Bd6 13. Rd1 Qe7 14. Bxd6 cxd6 15. Nf3 Nf6 16. c7 Rc8 17. Nb5 O-O 18. O-O Be4 19. Rxd6 Bxf3 20. gxf3 Nd5 21. Rc1 Qh4 22. Rd8 Rcxd8 23. cxd8=B Rxd8 24. Qe1 Nf6 25. Qf1 Qg5+ 26. Qg2 Qxb5 27. b3 g6 28. Qg3 h6 29. Rc7 Rd5 30. f4 g5 31. Qh3 h5 32. Rc8+ Kg7 33. Qf1 gxf4 34. Qg2+ Rg5 35. exf4 Rxg2+ 36. Kxg2 Qb7+ 37. Kg3 Qxc8 38. a4 Qc2 39. a5 Qxb3+ 40. Kg2 Qb5 41. a6 Qxa6 42. h3 Qc4 43. Kg3 Qe4 44. f3 Qe3 45. h4 Ne4+ 46. Kg2 Qf2+ 47. Kh3 Qg3# 0-1

[Event "Knighthood Blitz"]
[Site "Vishy Anand Arena"]
[Date "2020.08.01"]
[Round "4"]
[White "Entropicacogen"]
[Black "Cheetah2020"]
[Result "1-0"]
[WhiteElo "1513"]
[BlackElo "1383"]
[Annotator "NA"]
[PlyCount "81"]
[EventDate "2020.08.01"]
[EventType "swiss (blitz)"]

1. e4 e5 2. Nf3 Nc6 3. Bc4 d6 4. h3 Nf6 5. d3 Nd4 6. Nxd4 exd4 7. Bg5 Be7 8. c3 dxc3 9. Nxc3 O-O 10. Qf3 c6 11. Bxf6 Bxf6 12. Bb3 Bxc3+ 13. bxc3 Be6 14. O-O Bxb3 15. axb3 b5 16. Qe3 c5 17. b4 cxb4 18. cxb4 Re8 19. Rxa7 Rxa7 20. Qxa7 Re7 21. Qd4 Re6 22. Ra1 h6 23. Ra5 f6 24. Rxb5 d5 25. Qxd5 Qxd5 26. Rxd5 Kh7 27. b5 Kg8 28. f4 g6 29. f5 gxf5 30. exf5 Re7 31. Rd6 Kf7 32. Re6 Rxe6 33. fxe6+ Kxe6 34. Kf2 Kd7 35. Ke3 Kc7 36. Kd4 Kb6 37. Kc4 f5 38. d4 f4 39. d5 Kc7 40. Kc5 Kb7 41. d6 1-0

[Event "Knighthood Blitz"]
[Site "Vishy Anand Arena"]
[Date "2020.08.01"]
[Round "4"]
[White "Sanjo_hunter"]
[Black "Enthusiast"]
[Result "1-0"]
[WhiteElo "1511"]
[BlackElo "1524"]
[Annotator "NA"]
[PlyCount "85"]
[EventDate "2020.08.01"]
[EventType "swiss (blitz)"]

1. e4 e5 2. Nf3 Nf6 3. Nc3 d6 4. Bc4 Be7 5. d3 O-O 6. h3 Nc6 7. Ne2 Be6 8. Bb3 Bxb3 9. axb3 a6 10. Bg5 h6 11. Bh4 Qd7 12. g4 g5 13. Bg3 Kg7 14. Qd2 Ne8 15. Rg1 Bf6 16. Nc3 b5 17. Nd5 Ne7 18. Ne3 c6 19. Nf5+ Nxf5 20. gxf5 Nc7 21. Nh2 d5 22. f3 dxe4 23. fxe4 c5 24. Qe2 Rfd8 25. Ng4 c4 26. Rd1 cxd3 27. Rxd3 Qe7 28. Nxf6 Qxf6 29. Rc3 Rac8 30. Bf2 a5 31. Kf1 b4 32. Rc4 Nb5 33. Kg2 Rxc4 34. Qxc4 Nd6 35. Qc6 Rc8 36. Qd5 Rxc2 37. Rd1 Ne8 38. Qd7 Rxb2 39. Qxe8 Rxb3 40. Qd7 Rc3 41. Qd6 Rc2 42. Qd5 Qb6 43. Kg3 1-0

[Event "Knighthood Blitz"]
[Site "Vishy Anand Arena"]
[Date "2020.08.01"]
[Round "4"]
[White "Gingeekannan"]
[Black "Cool_chess"]
[Result "1-0"]
[WhiteElo "1500"]
[BlackElo "1367"]
[Annotator "NA"]
[PlyCount "77"]
[EventDate "2020.08.01"]
[EventType "swiss (blitz)"]

1. e4 e5 2. Nf3 Nc6 3. d4 exd4 4. Nxd4 Nf6 5. Nxc6 bxc6 6. e5 Qe7 7. Qe2 Nd5 8. c4 Nb6 9. b3 a5 10. Bb2 a4 11. Nd2 axb3 12. axb3 Rxa1+ 13. Bxa1 Qa3 14. Qd1 Bb4 15. Bd3 Qa2 16. Bc2 Bxd2+ 17. Kxd2 O-O 18. Qe2 d5 19. Kc3 dxc4 20. Bxh7+ Kxh7 21. Qxa2 cxb3 22. Qxb3 Be6 23. Qc2+ Kg8 24. f4 Ra8 25. f5 Ra3+ 26. Kb4 Rb3+ 27. Qxb3 Bxb3 28. Kxb3 c5 29. g4 Kf8 30. h4 Nd5 31. g5 Ne3 32. h5 Nxf5 33. h6 gxh6 34. gxh6 Kg8 35. h7+ Kh8 36. e6+ Ng7 37. exf7 c4+ 38. Kxc4 c5 39. f8=Q# 1-0

[Event "Knighthood Blitz"]
[Site "Vishy Anand Arena"]
[Date "2020.08.01"]
[Round "4"]
[White "Gonda"]
[Black "sohanpatnaik"]
[Result "1-0"]
[WhiteElo "1492"]
[BlackElo "1355"]
[Annotator "NA"]
[PlyCount "95"]
[EventDate "2020.08.01"]
[EventType "swiss (blitz)"]

1. d4 Nf6 2. c4 g6 3. Nc3 Bg7 4. e4 d6 5. Nf3 O-O 6. Bd3 Bg4 7. O-O Nbd7 8. Be3 c6 9. h3 Bxf3 10. Qxf3 Qc7 11. Bf4 Rfe8 12. a3 c5 13. d5 a5 14. Nb5 Qc8 15. Rfe1 e6 16. Rab1 e5 17. Bd2 Bf8 18. b4 axb4 19. axb4 b6 20. bxc5 Nxc5 21. Be3 Qd7 22. Ra1 Reb8 23. Rxa8 Rxa8 24. Bg5 Ne8 25. Qe3 Bg7 26. Bh6 Bh8 27. Qf3 Nc7 28. Rb1 Nxb5 29. cxb5 Nxd3 30. Qxd3 Rc8 31. Be3 Rb8 32. Rc1 Bf6 33. Rc6 Bd8 34. f4 f6 35. fxe5 fxe5 36. g4 Rc8 37. Rxc8 Qxc8 38. Qd2 Be7 39. Bg5 Qd8 40. Bxe7 Qxe7 41. Qe3 h6 42. Qxb6 Kg7 43. Qc6 Qf7 44. b6 Qf6 45. b7 Qf7 46. b8=Q Qf6 47. Qbc7+ Qf7 48. Qxf7+ 1-0

[Event "Knighthood Blitz"]
[Site "Vishy Anand Arena"]
[Date "2020.08.01"]
[Round "4"]
[White "Quality_959"]
[Black "PrabhuBadkas"]
[Result "1-0"]
[WhiteElo "1486"]
[BlackElo "1451"]
[Annotator "NA"]
[PlyCount "49"]
[EventDate "2020.08.01"]
[EventType "swiss (blitz)"]

1. d4 Nf6 2. Bf4 d5 3. e3 Nc6 4. Bb5 a6 5. Bxc6+ bxc6 6. Nf3 e6 7. O-O Bd6 8. Ne5 O-O 9. Nxc6 Bb7 10. Nxd8 Raxd8 11. Bxd6 cxd6 12. c3 e5 13. Nd2 exd4 14. cxd4 a5 15. Qa4 Ba6 16. Rfc1 Ne4 17. Nxe4 dxe4 18. Qxa5 d5 19. Qxa6 Ra8 20. Qb7 Rfd8 21. Rc7 Rf8 22. Rac1 Rxa2 23. Rc8 h6 24. Rxf8+ Kxf8 25. Rc8# 1-0

[Event "Knighthood Blitz"]
[Site "Vishy Anand Arena"]
[Date "2020.08.01"]
[Round "4"]
[White "Sohamshirode28"]
[Black "Samay Raina"]
[Result "1-0"]
[WhiteElo "1485"]
[BlackElo "1709"]
[Annotator "NA"]
[PlyCount "73"]
[EventDate "2020.08.01"]
[EventType "swiss (blitz)"]

1. c4 c5 2. Nc3 Nc6 3. e4 e5 4. g3 d6 5. Bg2 g6 6. d3 Bg7 7. Nge2 Nge7 8. h3 O-O 9. O-O h6 10. a3 a5 11. f4 f5 12. Nd5 Nxd5 13. cxd5 Nd4 14. Nxd4 exd4 15. Kh2 Kh7 16. Bd2 Qc7 17. Rb1 c4 18. Rc1 b5 19. a4 Ba6 20. axb5 Bxb5 21. dxc4 Bxc4 22. Qa4 Rac8 23. b3 Bxb3 24. Qxb3 Qxc1 25. Rxc1 Rxc1 26. Bxc1 Rc8 27. Bd2 g5 28. fxg5 hxg5 29. Bxg5 Kg6 30. Bd2 Rc3 31. Bxc3 dxc3 32. exf5+ Kxf5 33. Qc2+ Ke5 34. Qe4+ Kf6 35. Qe6+ Kg5 36. h4+ Kh5 37. Bf3# 1-0

[Event "Knighthood Blitz"]
[Site "Vishy Anand Arena"]
[Date "2020.08.01"]
[Round "4"]
[White "Virgog"]
[Black "saisujan2005"]
[Result "1-0"]
[WhiteElo "1480"]
[BlackElo "1794"]
[Annotator "NA"]
[PlyCount "175"]
[EventDate "2020.08.01"]
[EventType "swiss (blitz)"]

1. e4 c5 2. Nf3 Nc6 3. d4 cxd4 4. Nxd4 Nf6 5. Nc3 e5 6. Ndb5 d6 7. Bg5 a6 8. Na3 b5 9. Nd5 Be7 10. Bxf6 Bxf6 11. c4 b4 12. Nc2 a5 13. b3 Be6 14. Be2 Bxd5 15. exd5 Ne7 16. O-O O-O 17. a3 Qb6 18. axb4 axb4 19. Qd2 Rxa1 20. Rxa1 e4 21. Ra4 Bc3 22. Qe3 Qxe3 23. fxe3 Nf5 24. Bg4 Nh6 25. Bd7 Rb8 26. Bb5 Nf5 27. Kf2 Bd2 28. Ke2 Bc3 29. Nxb4 Bxb4 30. Rxb4 g6 31. Ra4 Nh4 32. Kf2 Nf5 33. b4 Nh4 34. Bc6 f5 35. Ra8 Rxa8 36. Bxa8 Kf7 37. b5 Ke7 38. Bc6 Kd8 39. b6 Kc8 40. Kg3 g5 41. b7+ Kc7 42. c5 f4+ 43. exf4 Nf5+ 44. Kf2 dxc5 45. g4 Nd6 46. f5 c4 47. Ke2 c3 48. f6 Nf7 49. h3 h6 50. Be8 Nd6 51. f7 Nxf7 52. Bxf7 Kxb7 53. Ke3 Kc7 54. Bg6 Kd6 55. Bxe4 c2 56. Bxc2 Kxd5 57. Bf5 Ke5 58. Kf3 Kd4 59. Ke2 Ke5 60. Ke3 Kd5 61. Kd3 Ke5 62. Kc4 Kf4 63. Kd5 Kg3 64. Ke6 Kxh3 65. Kf6 Kh4 66. Kg6 h5 67. gxh5 g4 68. Bxg4 Kxg4 69. h6 Kf4 70. h7 Kg3 71. h8=Q Kf4 72. Qf6+ Ke4 73. Qg5 Kd4 74. Qf5 Kc4 75. Qe5 Kb4 76. Qd5 Kc3 77. Qe4 Kb3 78. Qd4 Kc2 79. Qe3 Kb2 80. Qd3 Ka2 81. Qc3 Kb1 82. Qd2 Ka1 83. Kf5 Kb1 84. Ke4 Ka1 85. Kd4 Kb1 86. Kc4 Ka1 87. Kb3 Kb1 88. Qd1# 1-0

[Event "Knighthood Blitz"]
[Site "Vishy Anand Arena"]
[Date "2020.08.01"]
[Round "4"]
[White "Shikhar karn"]
[Black "SudiNarayana"]
[Result "1-0"]
[WhiteElo "1469"]
[BlackElo "1562"]
[Annotator "NA"]
[PlyCount "59"]
[EventDate "2020.08.01"]
[EventType "swiss (blitz)"]

1. e4 e5 2. Nf3 Nc6 3. Bc4 Bc5 4. Nc3 Nf6 5. O-O O-O 6. d3 d6 7. a3 a6 8. b4 Ba7 9. Bd2 b5 10. Bb3 Bg4 11. h3 Bh5 12. Be3 Re8 13. Nd5 Nxd5 14. Bxd5 Rc8 15. Bxc6 Re7 16. Bxa7 d5 17. Bb7 dxe4 18. dxe4 h6 19. Bxc8 Qxc8 20. Bc5 Rd7 21. Qe2 g6 22. g4 Bxg4 23. hxg4 h5 24. gxh5 gxh5 25. Nxe5 Re7 26. Bxe7 h4 27. Bxh4 a5 28. Kh2 axb4 29. Rh1 bxa3 30. Rhg1+ 1-0

[Event "Knighthood Blitz"]
[Site "Vishy Anand Arena"]
[Date "2020.08.01"]
[Round "4"]
[White "Subhranp"]
[Black "Adireddytarun"]
[Result "0-1"]
[WhiteElo "1469"]
[BlackElo "1396"]
[Annotator "NA"]
[PlyCount "82"]
[EventDate "2020.08.01"]
[EventType "swiss (blitz)"]

1. e4 c5 2. Nf3 d6 3. d4 cxd4 4. Nxd4 Nf6 5. Nc3 a6 6. Be3 g6 7. Be2 Bg7 8. O-O O-O 9. f3 Nbd7 10. Kh1 b5 11. a3 Bb7 12. Qd2 Rc8 13. Bh6 Nb6 14. Bxg7 Kxg7 15. Qg5 Rc5 16. Qe3 Qc8 17. Nb3 Nc4 18. Bxc4 Rxc4 19. Na5 Rc7 20. Nxb7 Qxb7 21. h4 Rfc8 22. g4 Nd7 23. Qd4+ Kg8 24. h5 Nb6 25. hxg6 hxg6 26. Kg2 Rc4 27. Qe3 Kf8 28. Rh1 Ke8 29. Qf4 f6 30. Rh8+ Kd7 31. Rh7 Kd8 32. Qh6 Qd7 33. Qxg6 Na4 34. Rh8+ Kc7 35. Rxc8+ Kxc8 36. Qg8+ Kb7 37. Qd5+ Ka7 38. Nxa4 Rxc2+ 39. Kg3 bxa4 40. Qd4+ Kb7 41. Qd5+ Qc6 0-1

[Event "Knighthood Blitz"]
[Site "Vishy Anand Arena"]
[Date "2020.08.01"]
[Round "4"]
[White "Shubham37908"]
[Black "RIJUD"]
[Result "1-0"]
[WhiteElo "1455"]
[BlackElo "1158"]
[Annotator "NA"]
[PlyCount "59"]
[EventDate "2020.08.01"]
[EventType "swiss (blitz)"]

1. d4 Nf6 2. Nc3 d6 3. e4 g6 4. Nf3 Bg7 5. Bg5 Nbd7 6. Bc4 O-O 7. O-O e5 8. dxe5 dxe5 9. Qd3 Nc5 10. Qxd8 Rxd8 11. Bxf6 Bxf6 12. Rfd1 Bg4 13. Nd5 Bxf3 14. gxf3 Be7 15. Nxe7+ Kg7 16. Kg2 Re8 17. Nd5 c6 18. Nc7 Rac8 19. Nxe8+ Rxe8 20. a3 h5 21. b4 Ne6 22. Bxe6 Rxe6 23. Rd3 Rf6 24. Rad1 g5 25. Rd6 Rf4 26. Rd7 h4 27. Rxb7 g4 28. fxg4 Rxg4+ 29. Kh3 Kh6 30. Kxg4 1-0

[Event "Knighthood Blitz"]
[Site "Vishy Anand Arena"]
[Date "2020.08.01"]
[Round "4"]
[White "Syamantak"]
[Black "IamNihar"]
[Result "0-1"]
[WhiteElo "1407"]
[BlackElo "1409"]
[Annotator "NA"]
[PlyCount "64"]
[EventDate "2020.08.01"]
[EventType "swiss (blitz)"]

1. d4 Nf6 2. c4 e6 3. Nc3 Be7 4. Nf3 O-O 5. Bf4 b6 6. e3 Bb7 7. Bd3 d5 8. O-O dxc4 9. Bxc4 Nd5 10. Nxd5 Bxd5 11. Bxd5 exd5 12. Rc1 Bd6 13. Bxd6 Qxd6 14. Qb3 Nd7 15. Rc2 c5 16. Rfc1 c4 17. Qb5 Nf6 18. b3 a6 19. Qa4 b5 20. Qa5 Ne4 21. bxc4 dxc4 22. Ne5 f6 23. Nf3 Rfc8 24. Nd2 Nxd2 25. Rxd2 Rc6 26. Rdc2 Rac8 27. Rc3 b4 28. R3c2 c3 29. a3 b3 30. Rxc3 b2 31. Rb1 Rxc3 32. h3 Rc1+ 0-1